000 00257nam a2200109Ia 4500
008 220204s9999 xx 000 0 und d
082 _a82-3
_bLON
100 _aLongstreet, Stephen
245 4 _athe General
260 _aNew York
_bBerkley
_c1977
942 _cBK
999 _c30986
_d30986